[Event "Baku Chess Olympiad | Open"]
[Site "chess24.com"]
[Date "2016.09.12"]
[Round "10"]
[White "Lazov, Toni"]
[Black "Ameir, Moheb"]
[Result "0-1"]
[Board "3"]
[WhiteID "15000770"]
[WhiteElo "2288"]
[WhiteTitle "FM"]
[WhiteCountry "MKD"]
[WhiteFideId "15000770"]
[WhiteEloChange "-6"]
[BlackID "10600620"]
[BlackElo "2431"]
[BlackTitle "IM"]
[BlackCountry "EGY"]
[BlackFideId "10600620"]
[BlackEloChange "3"]

1. e4 {[%clk 1:30:57]} c5 {[%clk 1:28:15]} 2. Nf3 {[%clk 1:31:21]} Nc6 {[%clk
1:28:29]} 3. Bb5 {[%clk 1:26:14]} g6 {[%clk 1:27:45]} 4. Bxc6 {[%clk 1:25:59]}
dxc6 {[%clk 1:25:11]} 5. d3 {[%clk 1:26:18]} f6 {[%clk 1:24:31]} 6. Be3 {[%clk
1:17:04]} e5 {[%clk 1:24:59]} 7. h3 {[%clk 1:17:17]} Nh6 {[%clk 1:24:30]} 8. g4
{[%clk 1:07:27]} Nf7 {[%clk 1:24:22]} 9. Rg1 {[%clk 1:07:13]} Be6 {[%clk
1:21:08]} 10. h4 {[%clk 0:57:39]} Qc7 {[%clk 1:06:47]} 11. Nc3 {[%clk 0:35:57]}
O-O-O {[%clk 1:05:10]} 12. Qe2 {[%clk 0:35:52]} h5 {[%clk 1:02:41]} 13. gxh5
{[%clk 0:35:12]} gxh5 {[%clk 1:03:00]} 14. Nd2 {[%clk 0:35:15]} b6 {[%clk
0:57:38]} 15. a4 {[%clk 0:32:53]} Nd6 {[%clk 0:55:13]} 16. a5 {[%clk 0:31:54]}
Nb5 {[%clk 0:54:14]} 17. axb6 {[%clk 0:25:39]} axb6 {[%clk 0:53:40]} 18. Nxb5
{[%clk 0:21:37]} cxb5 {[%clk 0:53:12]} 19. f3 {[%clk 0:18:09]} Kb7 {[%clk
0:49:30]} 20. b3 {[%clk 0:16:58]} Be7 {[%clk 0:49:11]} 21. Qf2 {[%clk 0:15:08]}
Bd6 {[%clk 0:47:51]} 22. Ke2 {[%clk 0:14:20]} Rdf8 {[%clk 0:45:14]} 23. Rg6
{[%clk 0:13:35]} Qf7 {[%clk 0:42:47]} 24. Rag1 {[%clk 0:12:44]} Rfg8 {[%clk
0:27:11]} 25. Rxg8 {[%clk 0:08:34]} Rxg8 {[%clk 0:27:35]} 26. Rxg8 {[%clk
0:09:02]} Qxg8 {[%clk 0:28:04]} 27. Qg1 {[%clk 0:09:31]} Qf7 {[%clk 0:27:05]} 28.
Bh6 {[%clk 0:09:13]} c4 {[%clk 0:21:45]} 29. dxc4 {[%clk 0:03:01]} bxc4 {[%clk
0:22:06]} 30. Qg7 {[%clk 0:03:28]} cxb3 {[%clk 0:19:39]} 31. cxb3 {[%clk
0:03:12]} Kc6 {[%clk 0:18:18]} 32. Qxf7 {[%clk 0:03:16]} Bxf7 {[%clk 0:18:47]}
33. Bg7 {[%clk 0:02:25]} Be7 {[%clk 0:19:15]} 34. Kd3 {[%clk 0:01:45]} b5 {[%clk
0:15:17]} 35. b4 {[%clk 0:00:41]} Kd6 {[%clk 0:13:04]} 36. Kc3 {[%clk 0:00:34]}
Be6 {[%clk 0:13:28]} 37. Bh6 {[%clk 0:00:32]} f5 {[%clk 0:12:09]} 38. f4 {[%clk
0:00:40]} Bxh4 {[%clk 0:11:44]} 39. exf5 {[%clk 0:00:53]} Bxf5 {[%clk 0:10:07]}
40. fxe5+ {[%clk 0:30:45]} Kd5 {[%clk 0:39:59]} 41. Nf3 {[%clk 0:25:19]} Bf2
{[%clk 0:35:42]} 42. Kd2 {[%clk 0:17:21]} Bg4 {[%clk 0:33:52]} 43. Nh2 {[%clk
0:16:37]} Kxe5 {[%clk 0:33:34]} 44. Nxg4+ {[%clk 0:15:29]} hxg4 {[%clk 0:33:58]}
45. Ke2 {[%clk 0:15:25]} Bb6 {[%clk 0:34:05]} 46. Kf1 {[%clk 0:03:37]} Bd4 {[%clk
0:33:33]} 47. Kg2 {[%clk 0:03:23]} Ke4 {[%clk 0:33:47]} 48. Kg3 {[%clk 0:02:36]}
Kf5 {[%clk 0:34:16]} 49. Bf8 {[%clk 0:02:10]} Be5+ {[%clk 0:34:45]} 50. Kg2
{[%clk 0:02:18]} Ke4 {[%clk 0:35:07]} 51. Be7 {[%clk 0:02:43]} Kd5 {[%clk
0:35:21]} 52. Bf8 {[%clk 0:01:44]} Kc4 {[%clk 0:35:40]} 53. Be7 {[%clk 0:02:02]}
Bc3 {[%clk 0:35:14]} 54. Kg3 {[%clk 0:02:22]} Bxb4 {[%clk 0:35:43]} 55. Bg5
{[%clk 0:01:04]} Bd6+ {[%clk 0:34:48]} 56. Kxg4 {[%clk 0:01:30]} b4 {[%clk
0:34:54]} 57. Kf3 {[%clk 0:01:07]} b3 {[%clk 0:34:28]} 58. Bf6 {[%clk 0:01:28]}
Kd3 {[%clk 0:34:51]} 59. Kf2 {[%clk 0:01:08]} Bb4 {[%clk 0:35:18]} 60. Bb2 {[%clk
0:00:52]} Kc2 {[%clk 0:35:41]} 61. Be5 {[%clk 0:00:34]} Bc3 {[%clk 0:36:07]} 0-1

[Event "Baku Chess Olympiad | Open"]
[Site "chess24.com"]
[Date "2016.09.12"]
[Round "10"]
[White "Hesham, Abdelrahman"]
[Black "Nikolovski, Nikola"]
[Result "0-1"]
[Board "4"]
[WhiteID "10600183"]
[WhiteElo "2419"]
[WhiteTitle "GM"]
[WhiteCountry "EGY"]
[WhiteFideId "10600183"]
[WhiteEloChange "-7"]
[BlackID "15002314"]
[BlackElo "2265"]
[BlackTitle "FM"]
[BlackCountry "MKD"]
[BlackFideId "15002314"]
[BlackEloChange "14"]

1. d4 {[%clk 1:30:57]} Nf6 {[%clk 1:30:48]} 2. c4 {[%clk 1:31:23]} c5 {[%clk
1:31:04]} 3. d5 {[%clk 1:31:47]} e6 {[%clk 1:31:16]} 4. Nc3 {[%clk 1:32:12]} exd5
{[%clk 1:31:29]} 5. cxd5 {[%clk 1:32:37]} d6 {[%clk 1:31:42]} 6. Nf3 {[%clk
1:33:04]} g6 {[%clk 1:31:57]} 7. Bf4 {[%clk 1:33:30]} a6 {[%clk 1:32:08]} 8. Nd2
{[%clk 1:33:57]} b5 {[%clk 1:31:26]} 9. a4 {[%clk 1:33:25]} b4 {[%clk 1:30:50]}
10. Nce4 {[%clk 1:33:52]} Nh5 {[%clk 1:29:11]} 11. Be3 {[%clk 1:34:16]} f5 {[%clk
1:27:41]} 12. g4 {[%clk 1:34:43]} Nf6 {[%clk 1:24:17]} 13. gxf5 {[%clk 1:35:09]}
Nxe4 {[%clk 1:18:47]} 14. Nxe4 {[%clk 1:35:36]} Bxf5 {[%clk 1:18:54]} 15. Ng3
{[%clk 1:36:03]} Qf6 {[%clk 1:18:44]} 16. Qd2 {[%clk 1:20:26]} Bg7 {[%clk
1:18:06]} 17. Nxf5 {[%clk 1:20:37]} gxf5 {[%clk 1:04:56]} 18. Rb1 {[%clk
1:20:01]} Nd7 {[%clk 1:00:56]} 19. Bg5 {[%clk 1:15:03]} Qe5 {[%clk 0:52:23]} 20.
Rg1 {[%clk 1:08:59]} O-O {[%clk 0:45:36]} 21. Bh6 {[%clk 0:53:48]} Rf7 {[%clk
0:45:51]} 22. Qg5 {[%clk 0:53:24]} a5 {[%clk 0:26:43]} 23. f4 {[%clk 0:28:00]}
Qd4 {[%clk 0:19:43]} 24. Bh3 {[%clk 0:25:26]} Kh8 {[%clk 0:19:41]} 25. Bxg7+
{[%clk 0:21:15]} Rxg7 {[%clk 0:20:05]} 26. Qxg7+ {[%clk 0:21:40]} Qxg7 {[%clk
0:20:31]} 27. Rxg7 {[%clk 0:22:05]} Kxg7 {[%clk 0:20:57]} 28. Bxf5 {[%clk
0:21:49]} Nb6 {[%clk 0:21:19]} 29. Be6 {[%clk 0:20:01]} Nxa4 {[%clk 0:21:26]} 30.
Kd2 {[%clk 0:19:34]} c4 {[%clk 0:18:43]} 31. Rg1+ {[%clk 0:17:30]} Kf6 {[%clk
0:18:43]} 32. e4 {[%clk 0:17:01]} Nc5 {[%clk 0:05:56]} 33. Bf5 {[%clk 0:16:59]}
a4 {[%clk 0:05:10]} 34. Bxh7 {[%clk 0:10:29]} a3 {[%clk 0:04:45]} 35. bxa3 {[%clk
0:10:52]} bxa3 {[%clk 0:05:09]} 36. e5+ {[%clk 0:08:53]} dxe5 {[%clk 0:05:06]}
37. fxe5+ {[%clk 0:09:19]} Kxe5 {[%clk 0:05:27]} 38. Bc2 {[%clk 0:08:52]} a2
{[%clk 0:05:17]} 39. Ra1 {[%clk 0:08:38]} Kd4 {[%clk 0:04:33]} 40. d6 {[%clk
0:36:40]} Nb3+ {[%clk 0:34:55]} 41. Bxb3 {[%clk 0:36:57]} cxb3 {[%clk 0:35:15]}
42. d7 {[%clk 0:37:23]} Rd8 {[%clk 0:34:02]} 43. Rd1 {[%clk 0:35:12]} 0-1

[Event "Baku Chess Olympiad | Open"]
[Site "chess24.com"]
[Date "2016.09.12"]
[Round "10"]
[White "Kojima, Shinya"]
[Black "Asadli, Vugar"]
[Result "0-1"]
[Board "1"]
[WhiteID "7000812"]
[WhiteElo "2398"]
[WhiteTitle "IM"]
[WhiteCountry "JPN"]
[WhiteFideId "7000812"]
[WhiteEloChange "-10"]
[BlackID "13405764"]
[BlackElo "2406"]
[BlackTitle "FM"]
[BlackCountry "AZE"]
[BlackFideId "13405764"]
[BlackEloChange "5"]

1. Nf3 {[%clk 1:30:56]} Nf6 {[%clk 1:30:54]} 2. c4 {[%clk 1:31:17]} g6 {[%clk
1:31:18]} 3. d4 {[%clk 1:31:32]} Bg7 {[%clk 1:31:42]} 4. g3 {[%clk 1:31:51]} O-O
{[%clk 1:31:56]} 5. Bg2 {[%clk 1:32:17]} d6 {[%clk 1:32:16]} 6. O-O {[%clk
1:32:29]} Nc6 {[%clk 1:32:40]} 7. Nc3 {[%clk 1:32:32]} a6 {[%clk 1:33:02]} 8. h3
{[%clk 1:32:04]} Bd7 {[%clk 1:32:41]} 9. e4 {[%clk 1:32:09]} e5 {[%clk 1:33:00]}
10. dxe5 {[%clk 1:32:11]} dxe5 {[%clk 1:33:21]} 11. Be3 {[%clk 1:32:15]} Be6
{[%clk 1:33:42]} 12. b3 {[%clk 1:32:26]} Rb8 {[%clk 1:27:54]} 13. Qc1 {[%clk
1:12:13]} Nd4 {[%clk 1:16:13]} 14. Kh2 {[%clk 1:10:18]} Ne8 {[%clk 1:06:58]} 15.
Rd1 {[%clk 1:06:20]} c5 {[%clk 1:07:18]} 16. Ng5 {[%clk 0:57:20]} Nd6 {[%clk
1:03:02]} 17. Qd2 {[%clk 0:52:52]} Bd7 {[%clk 1:00:12]} 18. Rac1 {[%clk 0:46:28]}
Bc6 {[%clk 0:58:12]} 19. h4 {[%clk 0:24:23]} Rc8 {[%clk 0:50:58]} 20. Nd5 {[%clk
0:23:13]} h6 {[%clk 0:48:42]} 21. Nh3 {[%clk 0:23:13]} Kh7 {[%clk 0:48:42]} 22.
Re1 {[%clk 0:08:13]} f5 {[%clk 0:47:31]} 23. exf5 {[%clk 0:08:02]} gxf5 {[%clk
0:47:50]} 24. f4 {[%clk 0:07:56]} e4 {[%clk 0:47:26]} 25. Nc3 {[%clk 0:07:14]}
Rc7 {[%clk 0:43:35]} 26. Red1 {[%clk 0:06:05]} Rd7 {[%clk 0:43:06]} 27. Qe1
{[%clk 0:04:03]} Ne8 {[%clk 0:42:41]} 28. Nf2 {[%clk 0:04:09]} Nf6 {[%clk
0:42:15]} 29. Nd5 {[%clk 0:00:43]} Nxd5 {[%clk 0:40:38]} 30. cxd5 {[%clk
0:01:11]} Rxd5 {[%clk 0:41:05]} 31. Nxe4 {[%clk 0:00:37]} fxe4 {[%clk 0:41:16]}
32. Bxe4+ {[%clk 0:01:02]} Kh8 {[%clk 0:41:42]} 33. Bxd5 {[%clk 0:01:20]} Qxd5
{[%clk 0:42:09]} 34. Qf2 {[%clk 0:01:17]} Re8 {[%clk 0:41:39]} 35. Bxd4 {[%clk
0:00:33]} Bxd4 {[%clk 0:41:54]} 36. Qd2 {[%clk 0:00:38]} Qf3 {[%clk 0:42:00]} 37.
Re1 {[%clk 0:00:40]} Rg8 {[%clk 0:42:14]} 38. Rg1 {[%clk 0:00:32]} Bxg1+ {[%clk
0:42:11]} 39. Rxg1 {[%clk 0:00:56]} Re8 {[%clk 0:42:31]} 40. Qd6 {[%clk 0:30:34]}
Kg7 {[%clk 1:08:10]} 41. Qc7+ {[%clk 0:29:13]} Kg8 {[%clk 1:08:35]} 42. Qd6
{[%clk 0:29:06]} Qg4 {[%clk 1:09:00]} 0-1

[Event "Baku Chess Olympiad | Open"]
[Site "chess24.com"]
[Date "2016.09.12"]
[Round "10"]
[White "Bashirli, Nail"]
[Black "Nanjo, Ryosuke"]
[Result "1-0"]
[Board "2"]
[WhiteID "13406809"]
[WhiteElo "2387"]
[WhiteTitle "FM"]
[WhiteCountry "AZE"]
[WhiteFideId "13406809"]
[WhiteEloChange "9"]
[BlackID "7000634"]
[BlackElo "2340"]
[BlackTitle "IM"]
[BlackCountry "JPN"]
[BlackFideId "7000634"]
[BlackEloChange "-9"]

1. e4 {[%clk 1:30:49]} c5 {[%clk 1:30:53]} 2. Nc3 {[%clk 1:31:12]} d6 {[%clk
1:30:39]} 3. Nf3 {[%clk 1:22:40]} a6 {[%clk 1:30:35]} 4. g3 {[%clk 1:22:27]} Nf6
{[%clk 1:26:05]} 5. Bg2 {[%clk 1:21:31]} Nc6 {[%clk 1:26:03]} 6. O-O {[%clk
1:20:34]} e6 {[%clk 1:23:54]} 7. a3 {[%clk 1:14:29]} Be7 {[%clk 1:20:21]} 8. Rb1
{[%clk 1:14:12]} O-O {[%clk 1:10:16]} 9. b4 {[%clk 1:10:48]} c4 {[%clk 1:04:23]}
10. d3 {[%clk 1:07:12]} cxd3 {[%clk 1:04:13]} 11. cxd3 {[%clk 1:03:35]} e5 {[%clk
0:59:36]} 12. h3 {[%clk 0:54:40]} Bd7 {[%clk 0:53:34]} 13. d4 {[%clk 0:41:11]}
Rc8 {[%clk 0:51:34]} 14. Bb2 {[%clk 0:37:55]} exd4 {[%clk 0:50:11]} 15. Nxd4
{[%clk 0:38:13]} Ne5 {[%clk 0:50:23]} 16. Nf5 {[%clk 0:33:49]} Bxf5 {[%clk
0:32:53]} 17. exf5 {[%clk 0:34:03]} Nc4 {[%clk 0:33:06]} 18. Ba1 {[%clk 0:25:17]}
d5 {[%clk 0:23:46]} 19. Nxd5 {[%clk 0:23:51]} Nxd5 {[%clk 0:23:58]} 20. Bxd5
{[%clk 0:20:20]} Nxa3 {[%clk 0:22:48]} 21. Rb3 {[%clk 0:18:34]} Nc4 {[%clk
0:18:56]} 22. Qg4 {[%clk 0:17:53]} Bf6 {[%clk 0:18:36]} 23. Bxc4 {[%clk 0:17:44]}
h5 {[%clk 0:17:05]} 24. Qe4 {[%clk 0:17:25]} Bxa1 {[%clk 0:16:43]} 25. Rxa1
{[%clk 0:17:19]} Re8 {[%clk 0:16:58]} 26. Qf4 {[%clk 0:16:16]} Qf6 {[%clk
0:16:33]} 27. Rc1 {[%clk 0:13:45]} b5 {[%clk 0:16:35]} 28. Bf1 {[%clk 0:13:47]}
Rxc1 {[%clk 0:16:52]} 29. Qxc1 {[%clk 0:14:40]} Qxf5 {[%clk 0:17:24]} 30. Re3
{[%clk 0:11:48]} Rd8 {[%clk 0:17:17]} 31. Qe1 {[%clk 0:12:06]} Qc8 {[%clk
0:16:39]} 32. h4 {[%clk 0:11:53]} g6 {[%clk 0:17:01]} 33. Bg2 {[%clk 0:11:56]}
Kh7 {[%clk 0:15:13]} 34. Re7 {[%clk 0:10:00]} Qf5 {[%clk 0:14:27]} 35. Re5 {[%clk
0:09:50]} Qg4 {[%clk 0:13:37]} 36. Bd5 {[%clk 0:09:21]} Kg7 {[%clk 0:13:18]} 37.
Kg2 {[%clk 0:09:41]} Rd6 {[%clk 0:13:25]} 38. Qc3 {[%clk 0:08:50]} Rf6 {[%clk
0:13:00]} 39. Re7 {[%clk 0:39:06]} 1-0

[Event "Baku Chess Olympiad | Open"]
[Site "chess24.com"]
[Date "2016.09.12"]
[Round "10"]
[White "Yamada, Kohei"]
[Black "Gadimbayli, Abdulla"]
[Result "0-1"]
[Board "3"]
[WhiteID "7000936"]
[WhiteElo "2100"]
[WhiteTitle "CM"]
[WhiteCountry "JPN"]
[WhiteFideId "7000936"]
[WhiteEloChange "-5"]
[BlackID "13404938"]
[BlackElo "2294"]
[BlackTitle "FM"]
[BlackCountry "AZE"]
[BlackFideId "13404938"]
[BlackEloChange "5"]

1. d4 {[%clk 1:30:56]} d5 {[%clk 1:30:50]} 2. c4 {[%clk 1:31:20]} c6 {[%clk
1:31:18]} 3. Nf3 {[%clk 1:31:43]} Nf6 {[%clk 1:31:37]} 4. Nc3 {[%clk 1:32:07]}
dxc4 {[%clk 1:31:50]} 5. a4 {[%clk 1:32:25]} Bf5 {[%clk 1:31:48]} 6. Ne5 {[%clk
1:32:19]} e6 {[%clk 1:31:44]} 7. f3 {[%clk 1:32:22]} Bb4 {[%clk 1:31:18]} 8. Nxc4
{[%clk 1:32:30]} O-O {[%clk 1:24:07]} 9. Kf2 {[%clk 1:31:18]} c5 {[%clk 1:16:42]}
10. e4 {[%clk 1:31:08]} Bg6 {[%clk 1:12:30]} 11. Na2 {[%clk 1:25:15]} Nc6 {[%clk
1:10:03]} 12. Nxb4 {[%clk 1:24:30]} Nxb4 {[%clk 1:10:26]} 13. Be3 {[%clk
1:18:16]} cxd4 {[%clk 0:51:10]} 14. Bxd4 {[%clk 1:18:05]} Nxe4+ {[%clk 0:37:38]}
15. fxe4 {[%clk 1:16:12]} Qh4+ {[%clk 0:37:04]} 16. Kg1 {[%clk 1:05:43]} Rfd8
{[%clk 0:35:10]} 17. Qb3 {[%clk 0:56:17]} Rxd4 {[%clk 0:27:10]} 18. Qxb4 {[%clk
0:56:00]} Bxe4 {[%clk 0:25:35]} 19. Qe1 {[%clk 0:43:02]} Qh5 {[%clk 0:21:33]} 20.
b3 {[%clk 0:39:59]} Rad8 {[%clk 0:20:47]} 21. h3 {[%clk 0:30:14]} Bxg2 {[%clk
0:08:28]} 22. Kxg2 {[%clk 0:11:59]} Qg5+ {[%clk 0:06:31]} 23. Qg3 {[%clk
0:09:31]} Rd2+ {[%clk 0:06:36]} 24. Nxd2 {[%clk 0:09:55]} Rxd2+ {[%clk 0:07:01]}
25. Kf3 {[%clk 0:10:16]} Qd5+ {[%clk 0:06:36]} 26. Ke3 {[%clk 0:10:36]} Qd4+
{[%clk 0:07:01]} 27. Kf3 {[%clk 0:10:57]} Qc3+ {[%clk 0:07:03]} 28. Kg4 {[%clk
0:10:35]} h5+ {[%clk 0:07:04]} 0-1

[Event "Baku Chess Olympiad | Open"]
[Site "chess24.com"]
[Date "2016.09.12"]
[Round "10"]
[White "Gasimov, Parviz"]
[Black "Tang, Tang"]
[Result "1-0"]
[Board "4"]
[WhiteID "13408798"]
[WhiteElo "2323"]
[WhiteTitle "FM"]
[WhiteCountry "AZE"]
[WhiteFideId "13408798"]
[WhiteEloChange "4"]
[BlackID "7001339"]
[BlackElo "2108"]
[BlackCountry "JPN"]
[BlackFideId "7001339"]
[BlackEloChange "-4"]

1. e4 {[%clk 1:30:54]} c6 {[%clk 1:30:57]} 2. d4 {[%clk 1:31:10]} g6 {[%clk
1:31:23]} 3. Nc3 {[%clk 1:30:05]} d5 {[%clk 1:31:43]} 4. h3 {[%clk 1:29:51]} Bg7
{[%clk 1:31:31]} 5. Nf3 {[%clk 1:30:04]} dxe4 {[%clk 1:31:44]} 6. Nxe4 {[%clk
1:30:20]} Nf6 {[%clk 1:31:58]} 7. Nxf6+ {[%clk 1:27:28]} exf6 {[%clk 1:32:14]} 8.
Be3 {[%clk 1:17:44]} O-O {[%clk 1:30:10]} 9. Bc4 {[%clk 1:16:09]} Nd7 {[%clk
1:24:38]} 10. O-O {[%clk 1:10:29]} Nb6 {[%clk 1:22:48]} 11. Bb3 {[%clk 1:10:10]}
Nd5 {[%clk 1:21:09]} 12. Bd2 {[%clk 1:06:34]} Be6 {[%clk 1:15:11]} 13. c4 {[%clk
1:02:56]} Nc7 {[%clk 1:14:46]} 14. Bf4 {[%clk 0:55:25]} b5 {[%clk 1:06:05]} 15.
Bxc7 {[%clk 0:39:29]} Qxc7 {[%clk 1:06:23]} 16. cxb5 {[%clk 0:39:44]} cxb5 {[%clk
0:59:31]} 17. Bxe6 {[%clk 0:33:48]} fxe6 {[%clk 0:59:59]} 18. Qb3 {[%clk
0:31:11]} Qd7 {[%clk 0:56:22]} 19. Rfe1 {[%clk 0:29:22]} Kf7 {[%clk 0:55:44]} 20.
Re2 {[%clk 0:24:31]} Rac8 {[%clk 0:52:11]} 21. Rae1 {[%clk 0:21:57]} Rfe8 {[%clk
0:51:06]} 22. Nd2 {[%clk 0:19:57]} Qd5 {[%clk 0:48:05]} 23. Ne4 {[%clk 0:18:26]}
Bf8 {[%clk 0:48:09]} 24. Qf3 {[%clk 0:15:33]} Qf5 {[%clk 0:47:39]} 25. Qg3 {[%clk
0:14:36]} Rc4 {[%clk 0:36:47]} 26. Re3 {[%clk 0:07:53]} Rxd4 {[%clk 0:36:33]} 27.
Qc7+ {[%clk 0:07:14]} Be7 {[%clk 0:35:08]} 28. Qxa7 {[%clk 0:04:55]} e5 {[%clk
0:32:08]} 29. Qb6 {[%clk 0:03:39]} b4 {[%clk 0:29:56]} 30. g4 {[%clk 0:01:49]}
Qe6 {[%clk 0:28:18]} 31. Qxd4 {[%clk 0:01:33]} exd4 {[%clk 0:28:23]} 32. Ng5+
{[%clk 0:02:03]} fxg5 {[%clk 0:28:34]} 33. Rxe6 {[%clk 0:02:31]} d3 {[%clk
0:28:44]} 34. Kf1 {[%clk 0:02:42]} d2 {[%clk 0:28:33]} 35. Rxe7+ {[%clk 0:02:53]}
Rxe7 {[%clk 0:29:02]} 36. Rxe7+ {[%clk 0:03:15]} Kxe7 {[%clk 0:29:30]} 37. Ke2
{[%clk 0:03:40]} Kd6 {[%clk 0:29:23]} 38. Kxd2 {[%clk 0:03:54]} Kc5 {[%clk
0:28:55]} 39. Kd3 {[%clk 0:03:50]} Kd5 {[%clk 0:29:15]} 40. a3 {[%clk 0:33:53]}
1-0

[Event "Baku Chess Olympiad | Open"]
[Site "chess24.com"]
[Date "2016.09.12"]
[Round "10"]
[White "Ftacnik, Lubomir"]
[Black "Salem, A.R. Saleh"]
[Result "0-1"]
[Board "1"]
[WhiteID "14900017"]
[WhiteElo "2548"]
[WhiteTitle "GM"]
[WhiteCountry "SVK"]
[WhiteFideId "14900017"]
[WhiteEloChange "-4"]
[BlackID "9301348"]
[BlackElo "2628"]
[BlackTitle "GM"]
[BlackCountry "UAE"]
[BlackFideId "9301348"]
[BlackEloChange "4"]

1. d4 {[%clk 1:30:57]} Nf6 {[%clk 1:30:55]} 2. c4 {[%clk 1:31:21]} c5 {[%clk
1:31:05]} 3. Nf3 {[%clk 1:30:43]} cxd4 {[%clk 1:31:31]} 4. Nxd4 {[%clk 1:31:04]}
e5 {[%clk 1:31:58]} 5. Nc2 {[%clk 1:29:23]} d5 {[%clk 1:28:49]} 6. cxd5 {[%clk
1:29:45]} Qxd5 {[%clk 1:29:17]} 7. Qxd5 {[%clk 1:29:35]} Nxd5 {[%clk 1:29:45]} 8.
e4 {[%clk 1:28:18]} Nb4 {[%clk 1:28:43]} 9. Nxb4 {[%clk 1:27:53]} Bxb4+ {[%clk
1:29:10]} 10. Bd2 {[%clk 1:28:15]} Bxd2+ {[%clk 1:27:52]} 11. Nxd2 {[%clk
1:28:42]} Ke7 {[%clk 1:26:15]} 12. Bc4 {[%clk 1:22:46]} Nc6 {[%clk 1:22:43]} 13.
Rc1 {[%clk 1:16:20]} Rd8 {[%clk 1:06:51]} 14. Nf3 {[%clk 1:04:21]} Bg4 {[%clk
0:55:28]} 15. Bd5 {[%clk 1:04:00]} Bxf3 {[%clk 0:53:01]} 16. gxf3 {[%clk
0:48:36]} Nd4 {[%clk 0:53:07]} 17. Kd2 {[%clk 0:45:48]} Ne6 {[%clk 0:52:14]} 18.
Ke3 {[%clk 0:41:12]} Rd7 {[%clk 0:45:48]} 19. Bxe6 {[%clk 0:36:58]} Kxe6 {[%clk
0:46:06]} 20. Rhd1 {[%clk 0:37:23]} Rxd1 {[%clk 0:45:56]} 21. Rxd1 {[%clk
0:37:23]} Rc8 {[%clk 0:46:19]} 22. Rd3 {[%clk 0:31:52]} Rc2 {[%clk 0:44:02]} 23.
Rb3 {[%clk 0:32:00]} b6 {[%clk 0:44:28]} 24. Ra3 {[%clk 0:32:14]} Rxb2 {[%clk
0:44:53]} 25. Rxa7 {[%clk 0:32:39]} Kf6 {[%clk 0:40:44]} 26. a4 {[%clk 0:24:55]}
Ra2 {[%clk 0:38:21]} 27. Rb7 {[%clk 0:22:30]} Rxa4 {[%clk 0:38:29]} 28. Rxb6+
{[%clk 0:22:52]} Kg5 {[%clk 0:38:37]} 29. Rb7 {[%clk 0:21:40]} Kg6 {[%clk
0:38:54]} 30. Rb1 {[%clk 0:15:21]} f6 {[%clk 0:32:52]} 31. Ke2 {[%clk 0:12:03]}
Ra3 {[%clk 0:33:19]} 32. Rg1+ {[%clk 0:06:31]} Kh6 {[%clk 0:33:38]} 33. Rg4
{[%clk 0:03:22]} g5 {[%clk 0:27:18]} 34. Rg1 {[%clk 0:03:47]} Ra2+ {[%clk
0:18:56]} 35. Ke3 {[%clk 0:03:27]} Kh5 {[%clk 0:14:40]} 36. Rb1 {[%clk 0:03:49]}
Ra7 {[%clk 0:14:56]} 37. Rb6 {[%clk 0:01:01]} Rf7 {[%clk 0:15:20]} 38. f4 {[%clk
0:00:50]} gxf4+ {[%clk 0:14:03]} 39. Kf3 {[%clk 0:01:19]} Kh4 {[%clk 0:14:20]}
40. Kg2 {[%clk 0:31:27]} Rg7+ {[%clk 0:44:14]} 41. Kf1 {[%clk 0:27:15]} Rg6
{[%clk 0:37:46]} 42. f3 {[%clk 0:26:14]} Kh3 {[%clk 0:36:18]} 43. Rb2 {[%clk
0:26:11]} h5 {[%clk 0:35:56]} 44. Ra2 {[%clk 0:26:36]} h4 {[%clk 0:35:40]} 45.
Rb2 {[%clk 0:27:01]} Rg8 {[%clk 0:36:06]} 0-1